000 00260nam a22001097a 4500
008 170124b xxu||||| |||| 00| 0 eng d
020 _a076714007994
041 _aeng
080 _a618.2
245 _aMERCK MANUAL OF MEDICAL INFORMATION
_cMERCK
942 _2udc
_cBK
999 _c3443
_d3443